米津玄師のYoutube1億回再生の楽曲 ーサドンデス― - Statistics

General Stats
  • This quiz has been taken 72 times
  • The average score is 10 of 14
Answers on the Grid
Answers color-coded by a green-red scale on the quiz's grid according to % correct below.
Flamingo
Flowerwall
IRIS OUT
JANE DOE
KICKBACK
LADY
Lemon
LOSER
orion
Pale Blue
Plazama
POP SONG
vivi
アイネクライネ
カムパネルラ
ゴーゴー幽霊船
サンタマリア
パプリカ
ピースサイン
メトロノーム
地球儀
感電
春雷
死神
海と幽霊
灰色と青
馬と鹿
M八七
 
Answer Stats
Answer % Correct
Lemon
98%
感電
85%
馬と鹿
83%
IRIS OUT
83%
アイネクライネ
78%
KICKBACK
78%
LOSER
75%
パプリカ
73%
ピースサイン
68%
Flamingo
63%
灰色と青
55%
orion
48%
春雷
43%
海と幽霊
35%
No matching quizzes found
Score Distribution
Percent of People with Each Score
Percentile by Number Answered
Your Score History
You have not taken this quiz